Statistics for Four Countries on Maps #6

Click here to take the quiz!

General Stats

  • This quiz has been taken 1,615 times
    (1,083 since last reset)
  • The average score is 7 of 8

Answers on the Map

Answers color-coded by a green-red scale on the quiz's map according to % correct below.
 

Answer Stats

Country% Correct
Laos
99%
Thailand
99%
Vietnam
99%
Cambodia
97%
Albania
88%
Kosovo
87%
Montenegro
86%
North Macedonia
86%

Score Distribution

Percentile by Number Answered

Percent of People with Each Score

Your Score History

You have not taken this quiz since the last reset